LIBRARY & INFORMATION CENTRE, KCAET, TAVANUR

ONLINE PUBLIC ACCESS CATALOGUE (OPAC)

Food Microbiology (Record no. 14542)

MARC details
000 -LEADER
fixed length control field 00277nam a22001217a 4500
020 ## - INTERNATIONAL STANDARD BOOK NUMBER
ISBN 9789381421383
082 ## - DEWEY DECIMAL CLASSIFICATION NUMBER
Classification number 664.001
Item number VEE/FO
100 ## - MAIN ENTRY--AUTHOR NAME
Personal name Veena Kumari
245 ## - TITLE STATEMENT
Title Food Microbiology
260 ## - PUBLICATION, DISTRIBUTION, ETC. (IMPRINT)
Place of publication New Delhi
Name of publisher Random Publications
Year of publication 2012
300 ## - PHYSICAL DESCRIPTION
Number of Pages 264
942 ## - ADDED ENTRY ELEMENTS (KOHA)
Koha item type Books
Holdings
Withdrawn status Lost status Damaged status Collection code Home library Current library Shelving location Date acquired Source of acquisition Cost, normal purchase price Full call number Accession Number Koha item type
        KAUAET KAUAET General Stacks 15/07/2016 Professional Book Centre, Kochin. 860.00 664.001 VEE/FO 24242 Books
free website counter